000 00704nam a2200253Ia 4500
003 OSt
005 20221005121947.0
006 a|||||r|||| 00| 0
007 ta
008 221004b |||||||| |||| 00| 0 mal d
024 _a58975
037 _cTextual
040 _aCRL
_cCRL
_bmal
041 _2mal
_amal
082 _aV2:1:N5, 32J7;1
100 _aPannikkar K.M. Au.
_9631300
245 0 _aIndiacharitritravalokam
_b A survey of Indian history
260 _c1957
300 _a385p.
_ccm.
650 _aHISTORY
700 _a Nair K.N. Gopalan Tr.
_9593589
942 _hV2:1:N5, 32J7;1
_cTEXL
_2cc
999 _c1042815
_d1042815